| 000 | 00813nam a22002297a 4500 | ||
|---|---|---|---|
| 003 | OSt | ||
| 005 | 20251223160601.0 | ||
| 008 | 251223b |||||||| |||| 00| 0 eng d | ||
| 040 | _cDCL | ||
| 041 | _aEnglish | ||
| 100 | 1 | _aSithu, Gamani Thingyan | |
| 245 | 1 | 4 |
_aZinme yazawin = Chronicles of Chiang Mai / _c by Sithu Gamani Thingyan ; translated by Thaw Kaung, Ni Ni Myint ; edited by Tun Aung Chain. |
| 260 |
_aYangon : _bUniversities Historical Research Centre, _c2003. |
||
| 300 |
_a97 pages : _bplates ; _c22 cm. |
||
| 504 | _aIncludes bibliographical references (p. 230-233) and index | ||
| 651 |
_aChiang Mai (Thailand) _vHistory |
||
| 700 | 0 |
_aThaw Kaung _etranslator |
|
| 700 | 0 |
_aNi Ni Myint _etranslator |
|
| 700 | 0 |
_aTun Aung Chain _eeditor |
|
| 942 |
_2ddc _cSHORT TERM _n0 |
||
| 999 |
_c2798 _d2798 |
||